| 000 | 00966nam a22002657a 4500 | ||
|---|---|---|---|
| 003 | EG-ScBUE | ||
| 005 | 20221213114634.0 | ||
| 008 | 100325s2009 enka f b 001 0 eng d | ||
| 020 | _a9780750667968 | ||
| 040 |
_aEG-ScBUE _beng _erda _cEG-ScBUE _dEG-ScBUE |
||
| 082 | 0 | 4 |
_222 _a726.2 _bKAH |
| 100 | 1 |
_913113 _aKahera, Akel Ismail, _d1951- _eauthor. |
|
| 245 | 1 | 0 |
_aDesign Criteria for Mosques and Islamic centres : _bart, architecture, and worship / _cAkel Kahera, Latif Abdulmalik and Craig Anz. |
| 250 | _aFirst edition. | ||
| 264 | 1 |
_aOxford : _bArchitectural Press/ Elsevier, _c2009. |
|
| 300 |
_a93 pages : _billustrations ; _c27 cm |
||
| 504 | _aIncludes bibliographical references and index. | ||
| 650 | 7 |
_913110 _aMosques _vCase studies. _2BUEsh |
|
| 650 | 7 |
_a Architecture and religion. _2BUEsh |
|
| 653 | _bENGARC | ||
| 655 | _vReading book | ||
| 700 | 1 |
_913111 _aAbdulmalik, Latif, _eauthor. |
|
| 700 | 1 |
_913112 _aAnz, Craig, _eauthor. |
|
| 942 |
_2ddc _cBB |
||
| 999 |
_c13780 _d13780 |
||